| 000 | 00729nam a2200181Ia 4500 | ||
|---|---|---|---|
| 008 | 100921s9999 xx 000 0 und d | ||
| 082 |
_b40345 _a891.463 न 05 |
||
| 100 | _aआर्चर जेफ्री,अनु,ठाकूर अजित. | ||
| 245 | _aसन्स ऑफ फॉर्च्यून. | ||
| 260 |
_bमेहता प्रकाशन, पुणे. _c2005 |
||
| 300 |
_a496 _bकलाभारती वितरण,पुणे |
||
| 365 | _b350 | ||
| 520 | _aललित-कादंबरी. | ||
| 630 | _aसन्स ऑफ फॉर्च्यून. | ||
| 650 | _aललित-कादंबरी. | ||
| 730 | _aसन्स ऑफ फॉर्च्यून. | ||
| 942 | _cBOOK | ||
| 999 |
_c789458 _d789455 |
||